MBTI Personality Types - Statistics

General Stats
  • This quiz has been taken 601 times
  • The average score is 15 of 16
Answer Stats
Hint Answer % Correct
Quester INFP
97%
Visionary ENTP
96%
Mastermind INTJ
96%
Architect INTP
96%
Superhero/Journalist ENFP
95%
Leader ENTJ
95%
Author INFJ
95%
Inspector ISTJ
95%
Craftsman ISTP
95%
Pedagogue ENFJ
94%
Supervisor ESTJ
94%
Promoter ESTP
93%
Performer ESFP
92%
Composer ISFP
92%
Provider ESFJ
91%
Protector ISFJ
91%
No matching quizzes found
Score Distribution
Percent of People with Each Score
Percentile by Number Answered
Your Score History
You have not taken this quiz